000 004590000a22001810004500
003 MACL
005 20150918102510.0
008 150918b xxu||||| |||| 00| 0 eng d
040 _aMACL
_cMACL
041 _aEnglish
082 _a824
100 _aBardhan, Pranab
_911659
245 _aGlobalization And Egalitarian Redistribution
260 _bOxford University Press
_c2006
_aNew Delhi
350 _a595
650 _aEssays
_911660
942 _cBK
_k824
_2ddc
999 _c8275
_d8275